• 首页
  • 本馆介绍
  • 公告通知
  • 最新文献
  • 馆藏检索
  • 电子资源
  • 读者导购
  • 参考咨询
  • 我的图书馆
  • 登录
  • 详细信息显示
  • 放入我的书架
  • 预约/预借图书
  • 作者相关作品
  • 分类相关作品
  • 丛书相关作品
  • 出版社相关作品

书目信息

  • 表格格式
  • 工作单格式
  • 卡片格式
题名:
权利的新生
    
 
作者: 佩里 著 ;徐爽 , 王本存 译
分册:  
出版信息: 北京   商务印书馆  2016.05
页数: 224页
开本: 20cm
丛书名:
单 册:
中图分类: D771.221
科图分类:
主题词: 人权--ren quan--政策--研究--美国
电子资源:
ISBN: 978-7-100-11975-7
000 01524nam0 2200313 450
001 CAL 0120141465076
005 20171226161310.20
010    @a978-7-100-11975-7@b@dCNY26.00
100    @a20160622d2016 em y0chiy50 ea
101 1  @achi@ceng
102    @aCN@b110000
105    @ay z 000yy
106    @ar
200 1  @a权利的新生@Aquan li de xin sheng@e美国宪法中的人权@d= Human rights in the constitutional law of the United States@f(美) 迈克尔·佩里著@g徐爽, 王本存译@zeng
210    @a北京@c商务印书馆@d2016.05
215    @a224页@c@d20cm
305    @a根据剑桥大学出版社2013年版译出
314    @a迈克尔·佩里 (Michael J. Perry), 美国著名宪法学家, 埃默里大学罗伯特·伍德拉夫 (Robert W. Woodruff) 讲席教授, 法律与宗教研究中心高级研究员, 《法律与宗教》期刊的合作编辑。徐爽, 法学博士, 副教授。现任职于中国政法大学人权研究中心。王本存, 法学博士, 教授。现任职于重庆大学法学院。
330    @a本书分为: 人权的道德性 ; 美国的宪法道德共两章。主要内容包括: 人权的国际化、“人权”是什么? 、人权的基础性规范、死刑、司法谦抑问题、道德平等权、宗教、道德自由权、同性婚姻等。
500 10 @aHuman rights in the constitutional law of the United States@mChinese
517 1  @a美国宪法中的人权@Amei guo xian fa zhong de ren quan
606 0  @a人权@Aren quan@x政策@x研究@y美国
690    @aD771.221@v5
701  1 @a佩里@Apei li@g(Perry, Michael J.)@4著
702  0 @a徐爽@Axu shuang@4译
702  0 @a王本存@Awang ben cun@4译
801  0 @aCN@b人天书店@c20160622@g
905    @aBZT@dD771.221@e3
906    @dCNY26.00@n3@r1
    
    权利的新生:美国宪法中的人权= Human rights in the constitutional law of the United States/(美) 迈克尔·佩里著/徐爽, 王本存译.-北京:商务印书馆,2016.05
    224页;20cm
    
    
    ISBN 978-7-100-11975-7:CNY26.00
    本书分为: 人权的道德性 ; 美国的宪法道德共两章。主要内容包括: 人权的国际化、“人权”是什么? 、人权的基础性规范、死刑、司法谦抑问题、道德平等权、宗教、道德自由权、同性婚姻等。
●
相关链接 在五车中查询图书 在当当中查询图书 在豆瓣中查询图书


正题名:权利的新生     索取号:D771.221/3         预约/预借

序号 登录号 条形码 馆藏地/架位号 状态 备注
1 837967   2000837967   第二书库/ [索取号:D771.221/3] 在馆    
2 837968   2000837968   第二书库/ [索取号:D771.221/3] 在馆    
3 837969   2000837969   第二书库/ [索取号:D771.221/3] 在馆    
山东省滨州职业学院图书馆 欢迎您!
大连网信软件有限公司© 版权所有